अबिनासी गिरधर की मीराँ / (Record no. 212769)
[ view plain ]
| 000 -LEADER | |
|---|---|
| fixed length control field | 00846nam a22001937a 4500 |
| 010 ## - LCCN (DPL NO) | |
| LC control number | B-78501 |
| 020 ## - INTERNATIONAL STANDARD BOOK NUMBER | |
| International Standard Book Number | 9788171675418 |
| Terms of availability | 50.00 |
| 037 ## - SOURCE OF ACQUISITION | |
| Source of stock number/acquisition | रूपा एंड कंपनी |
| 082 ## - DEWEY DECIMAL CLASSIFICATION NUMBER | |
| Edition number | 2001 |
| Classification number | 821.08 |
| 100 ## - MAIN ENTRY--PERSONAL NAME | |
| Personal name | प्राणनाथ पंकज |
| 245 ## - TITLE STATEMENT | |
| Title | अबिनासी गिरधर की मीराँ / |
| Statement of responsibility, etc | प्राणनाथ पंकज |
| Medium | हिंदी |
| 246 ## - VARYING FORM OF TITLE | |
| Title proper/short title | ABINASI GIRDHAR KI MEERA/ |
| 250 ## - EDITION STATEMENT | |
| Edition statement | 2001 |
| 260 ## - PUBLICATION, DISTRIBUTION, ETC. (IMPRINT) | |
| Place of publication, distribution, etc | नई दिल्ली |
| Name of publisher, distributor, etc | रूपा एंड कंपनी |
| Date of publication, distribution, etc | 2001 |
| 270 ## - ADDRESS | |
| Address | 7/16 अंसारी रोड |
| 300 ## - PHYSICAL DESCRIPTION | |
| Extent | 105 पृष्ठ |
| Dimensions | 19 सेमी pbk |
| 700 ## - ADDED ENTRY--PERSONAL NAME | |
| Personal name | प्राणनाथ पंकज |
| 9 (RLIN) | 83554 |
| 942 ## - ADDED ENTRY ELEMENTS (KOHA) | |
| Source of classification or shelving scheme | Dewey Decimal Classification |
| Item type | Hindi Books |
| Edition | 2001 |
| Classification part | 821.08 |
| Call number prefix | मीराबा |
| Call number suffix | प्राणनाथ पंकज |
| Withdrawn status | Lost status | Not for loan | Collection code | Home library | Current library | Date acquired | Cost, normal purchase price | Full call number | Barcode | Cost, replacement price | Koha item type |
|---|---|---|---|---|---|---|---|---|---|---|---|
| Non-fiction | Sarojini Nagar | Sarojini Nagar | 31/07/2025 | 50.00 | 821.08 मीराबा | B-78501 | 50.00 | Hindi Books |
